| 000 | 00767 am a2200229 a 4500 | ||
|---|---|---|---|
| 001 | 4068 | ||
| 003 | CO-ViMGA | ||
| 005 | 20251027141730.0 | ||
| 008 | 150625s2015 ck gr 000 jdspa | ||
| 020 | _a978958424693 | ||
| 040 |
_aCO-ViMGA _bspa _cCO-ViMGA |
||
| 084 | _aC FONN | ||
| 100 | 1 | 0 |
_aFontanarrosa, Roberto _d1944-2007 _959673 |
| 245 | 1 | 0 |
_aNo se si he sido claro y otros cuentos _cRoberto Fontanarrosa |
| 250 | _aEdicion especial para El Ministerio de Cultura, Biblioteca Nacional de Colombia | ||
| 300 |
_a258 pg̀inas _c21 cm |
||
| 490 | 0 | _aBiblioteca Fontanarrosa | |
| 500 | _aIncluye datos biograficos del autor | ||
| 650 | 1 | 4 |
_aCuentos argentinos _ySiglo XXI _2LEMB _959675 |
| 650 | 1 | 4 |
_aLiteratura argentina _ySiglo XXI _2LEMB _959674 |
| 942 |
_2ddc _cBK |
||
| 999 |
_c4068 _d4068 |
||